Jimmy John's Sandwiches - Statistics

General Stats
  • This quiz has been taken 15 times
  • The average score is 13 of 18
Answer Stats
Sandwich Number Answer % Correct
#1 The Pepe
100%
#12 Beach Club
80%
#8 Billy Club
80%
#15 Club Tuna
80%
#11 Country Club
80%
#10 Hunter's Club
80%
#6 The Veggie
80%
#3 Totally Tuna
80%
#4 Turkey Tom
80%
#5 Vito
80%
#2 Big John
60%
#14 Bootlegger Club
60%
#16 Club Lulu
60%
#9 Italian Night Club
60%
#13 Jimmy Cubano
60%
#7 Spicy East Coast Italian
60%
#17 Ultimate Porker
60%
Unnumbered J.J.B.L.T.
40%
No matching quizzes found
Score Distribution
Percent of People with Each Score
Percentile by Number Answered
Your Score History
You have not taken this quiz